| 000 | 00479nam a22002057a 4500 | ||
|---|---|---|---|
| 003 | bpm | ||
| 005 | 20260407092636.0 | ||
| 008 | 260407b |||||||| |||| 001 p spa d | ||
| 020 | _a9789876193702 | ||
| 024 | _aS. C. C. / M. C. y E. M.: | ||
| 040 | _aAR-CtUCP | ||
| 041 | _aspa | ||
| 080 | _aCDU | ||
| 100 | _aFlores Carlos | ||
| 245 | _aTengo malas noticias | ||
| 260 |
_aCorrientes _bMoglia _c2020 |
||
| 650 | _aLiteratura - PoesÃa | ||
| 942 | _cLIB | ||
| 999 |
_c76607 _d76607 |
||